大韓民国の都市人口Top10 - Statistics

General Stats
  • This quiz has been taken 488 times
  • The average score is 6 of 10
Answer Stats
都市名 人口 % Correct
ソウル 9386034
99%
釜山 3293362
96%
仁川 2997410
79%
大邱 2374960
67%
大田 1442216
56%
蔚山 1103661
49%
光州 1419237
48%
水原 1197257
40%
高陽 1074907
10%
龍仁 1075566
7%
No matching quizzes found
Score Distribution
Percent of People with Each Score
Percentile by Number Answered
Your Score History
You have not taken this quiz